Identity of Phyllostoma planirostre Spix. 1823 (<Chiroptera: Stenodermatinae>) (Registro nro. 10418)

Detalles MARC
000 -CABECERA
Campo de control 006460000a22001930004500
090 ## - CLASIFICACIÓN LOCAL
Colección AR
Consecutivo 01333
041 0# - IDIOMA
Código de idioma para texto/pista de sonido o título separado
100 1# - ASIENTO PRINCIPAL--NOMBRE PERSONAL
Nombre personal Handley, Charles O.
245 10 - MENCION DE TITULO
Título Identity of Phyllostoma planirostre Spix. 1823 (<Chiroptera: Stenodermatinae>)
650 14 - ASIENTO SECUNDARIO DE MATERIA - TERMINO TEMATICO
Término temático o nombre geográfico como elemento de entrada Sinonímias
650 14 - ASIENTO SECUNDARIO DE MATERIA - TERMINO TEMATICO
Término temático o nombre geográfico como elemento de entrada Sistemática animal
650 14 - ASIENTO SECUNDARIO DE MATERIA - TERMINO TEMATICO
Término temático o nombre geográfico como elemento de entrada Taxonomía animal
650 14 - ASIENTO SECUNDARIO DE MATERIA - TERMINO TEMATICO
Término temático o nombre geográfico como elemento de entrada Morfología animal
650 14 - ASIENTO SECUNDARIO DE MATERIA - TERMINO TEMATICO
Término temático o nombre geográfico como elemento de entrada Murciélagos
653 ## - TERMINO DE INDIZACION - NO CONTROLADO
-- Phyllostoma
-- Phyllostoma planirostre
653 ## - TERMINO DE INDIZACION - NO CONTROLADO
-- Artibeus
-- Artibeus planirostris
773 1# - Item fuente:
Título Bulletin American Museum of Natural History
Especificación de materiales 179
Descripción física 206
Paginas del Articulo 12-17
Lugar, editorial y fecha de publicación 1991
942 ## - ELEMENTOS ADICIONALES (KOHA)
Tipo de ítem Artículo
Existencias
Withdrawn status Lost status Damaged status No para préstamo Colección Ubicación Permanente Ubicación actual Fecha de adquisición Fuente de Valor Datos de publicación Seriada Total Checkouts Número topográfico Inventario / Código de Barras Date last seen Ejemplar Price effective from Forma de adquisición Tipo de material
      No para Préstamo Hemeroteca Bogotá Bogotá 27/02/2015 Mendoza, Humberto Fuera de circulación   AR 01333 011677 25/03/2015 1 25/03/2015   Artículo